| 000 | 01074cam a2200301Ii 4500 | ||
|---|---|---|---|
| 999 |
_c27193 _d27193 |
||
| 006 | a|||||r|||| 00| 0 | ||
| 007 | ta | ||
| 008 | 180331s2004 enkab ob 001 0 eng d | ||
| 020 |
_a9781134455881 (e-book: PDF) _q(e-book : PDF) |
||
| 020 |
_a9781134455836 _q(e-book: Mobi) |
||
| 020 |
_a9781134455874 _q(e-book: ePub) |
||
| 020 | _q(hardback) | ||
| 020 | _q(paperback) | ||
| 082 | 0 | 4 |
_a387.1 _bS557 |
| 245 | 0 | 0 |
_aShipping and ports in the twenty-first century : _bglobalization, technological change and the environment / _cedited by David Pinder and Brian Slack. |
| 260 |
_aLondon _bTaylor & Francis Group _c2004 |
||
| 300 | _a1 online resource (xxii, 281 pages) | ||
| 490 | 0 |
_aOcean management and policy series ; _v6 |
|
| 650 | 0 | _aGlobalization. | |
| 650 | 0 | _aHarbors. | |
| 650 | 0 | _aShipping. | |
| 650 | 0 | _aTechnological innovations. | |
| 700 | 1 | _aPinder, David. | |
| 700 | 1 | _aSlack, Brian. | |
| 776 | 0 | 8 |
_iPrint version: _z9780415283441 _w(DLC) 2003070394 |
| 856 | 4 | 0 |
_uhttps://www.taylorfrancis.com/books/9781134455881 _zClick here to view. |
| 942 | _cEBK | ||